[Event "9th chPOL Computer Chess"]
[Site "Warszawa"]
[Date "2010.11.28"]
[Round "7.2"]
[White "Atak"]
[Black "Darmenios"]
[Result "1-0"]
[WhiteElo "2372"]
[BlackElo "2433"]
[PlyCount "59"]
[EventDate "2010.11.27"]
[EventCountry "POL"]

1. e4 e5 2. Nf3 Nc6 3. Bb5 a6 4. Ba4 Nf6 5. Qe2 b5 6. Bb3 Bb7 7. d3 Bc5 8. Be3
d6 9. O-O Bxe3 10. fxe3 Na5 11. Nh4 O-O 12. Nf5 Nxb3 13. axb3 g6 14. Ng3 Kh8
15. Nd2 Qe7 16. Qf3 Ng8 17. Qg4 Bc6 18. Qe2 Nh6 19. b4 f6 20. Ra3 Qg7 21. Rc3
Bb7 22. Nb3 Rab8 23. d4 Rbe8 24. d5 f5 25. Na5 f4 26. Nh1 Bc8 27. Nf2 f3 28.
gxf3 Rf7 29. Nb3 Ng8 30. Kh1 1-0

[Event "9th chPOL Computer Chess"]
[Site "Warszawa"]
[Date "2010.11.28"]
[Round "7.3"]
[White "Butcher ver 1.60n1"]
[Black "nanoSzachy"]
[Result "0-1"]
[WhiteElo "2373"]
[BlackElo "2557"]
[PlyCount "130"]
[EventDate "2010.11.27"]
[EventType "tourn"]
[EventCountry "POL"]

1. c4 e6 2. g3 d5 3. Bg2 dxc4 4. Qa4+ c6 5. Qxc4 Nf6 6. Nf3 b5 7. Qc2 Bb7 8.
O-O Qb6 9. Nc3 c5 10. e4 Nc6 11. d3 Nd4 12. Qd1 Be7 13. Nxd4 cxd4 14. Ne2 O-O
15. Bg5 Rfc8 16. Rc1 h6 17. Bd2 Nd7 18. Rxc8+ Rxc8 19. Qb3 Bf6 20. Rc1 Nc5 21.
Qd1 b4 22. Nf4 b3 23. axb3 Nxb3 24. Rxc8+ Bxc8 25. Qc2 Ba6 26. Be1 Be7 27. Bf1
Nc5 28. f3 Bd6 29. Nh3 Bb7 30. Nf2 e5 31. Bh3 Bc6 32. Bf1 Ba4 33. Qd2 Bd7 34.
Bg2 Na4 35. Nd1 Qb3 36. Bf1 Kh7 37. Be2 a6 38. f4 exf4 39. gxf4 Bb5 40. h3 f6
41. Kg2 f5 42. e5 Be7 43. Kh2 Nc5 44. Nf2 Bc6 45. Bf1 Ne6 46. Nh1 g5 47. Ng3
Nxf4 48. Nxf5 Qd5 49. Ng3 Qxe5 50. Bf2 Bd6 51. Qc1 Qd5 52. Qc4 Qxc4 53. dxc4 d3
54. Be3 Ne2 55. Bf2 Bf3 56. Bxe2 Bxe2 57. Be3 Bf3 58. b4 Bxb4 59. Nf1 a5 60.
Kg3 Be4 61. Bd2 Bd6+ 62. Kf2 a4 63. Bc3 a3 64. Ke3 Bf5 65. Kd2 Bf4+ 0-1